Odiā bhāshā bijñāna. (Record no. 83083)

MARC details
000 -LEADER
fixed length control field 00547cam a22002291 4500
001 - CONTROL NUMBER
control field sa 68009702
003 - CONTROL NUMBER IDENTIFIER
control field DLC
005 - DATE AND TIME OF LATEST TRANSACTION
control field 20260227112545.0
008 - FIXED-LENGTH DATA ELEMENTS--GENERAL INFORMATION
fixed length control field 940831m19689999ii a 000 0 orio
010 ## - LIBRARY OF CONGRESS CONTROL NUMBER
LC control number sa 68009702
025 ## - OVERSEAS ACQUISITION NUMBER
Overseas acquisition number PL480:I-O-896
035 ## - SYSTEM CONTROL NUMBER
System control number (OCoLC)31039406
040 ## - CATALOGING SOURCE
Original cataloging agency DLC
Transcribing agency CU
Modifying agency CU
-- DLC
042 ## - AUTHENTICATION CODE
Authentication code premarc
050 00 - LIBRARY OF CONGRESS CALL NUMBER
Classification number PK2561
Item number .M3
100 1# - MAIN ENTRY--PERSONAL NAME
Personal name Mahanti, Brajamohan.
245 10 - TITLE STATEMENT
Title Odiā bhāshā bijñāna.
260 ## - PUBLICATION, DISTRIBUTION, ETC.
Date of publication, distribution, etc. 1968-
300 ## - PHYSICAL DESCRIPTION
Extent v.
Other physical details ill.
Dimensions 23 cm.
500 ## - GENERAL NOTE
General note In Oriya.
650 #0 - SUBJECT ADDED ENTRY--TOPICAL TERM
Topical term or geographic name entry element Oriya philology.

No items available.

Powered by Koha